Introduction to discrete-time signals and systems (Record no. 68369)

000 -LEADER
fixed length control field 00449nam a22001697a 4500
003 - CONTROL NUMBER IDENTIFIER
control field NUST - PNEC
005 - DATE AND TIME OF LATEST TRANSACTION
control field 20170116181050.0
008 - FIXED-LENGTH DATA ELEMENTS--GENERAL INFORMATION
fixed length control field 150929b xxu||||| |||| 00| 0 eng d
020 ## - INTERNATIONAL STANDARD BOOK NUMBER
International Standard Book Number 0412476509
040 ## - CATALOGING SOURCE
Transcribing agency LIBRARY
082 ## - DEWEY DECIMAL CLASSIFICATION NUMBER
Classification number 621.382 DAM
100 ## - MAIN ENTRY--PERSONAL NAME
9 (RLIN) 11838
Personal name Damper, R. I
245 ## - TITLE STATEMENT
Title Introduction to discrete-time signals and systems
Statement of responsibility, etc. R.I. Damper
260 ## - PUBLICATION, DISTRIBUTION, ETC.
Place of publication, distribution, etc. c.1995
650 ## - SUBJECT ADDED ENTRY--TOPICAL TERM
9 (RLIN) 11840
Topical term or geographic name entry element Discrete-time systems
General subdivision ME
942 ## - ADDED ENTRY ELEMENTS (KOHA)
Source of classification or shelving scheme
Koha item type Book
Holdings
Withdrawn status Lost status Source of classification or shelving scheme Damaged status Not for loan Permanent Location Current Location Shelving location Date acquired Total Checkouts Full call number Barcode Date last seen Price effective from Koha item type
          Pakistan Navy Engineering College (PNEC) Pakistan Navy Engineering College (PNEC)       621.382 DAM PNECLIB-018695 09/29/2015   Book
          Pakistan Navy Engineering College (PNEC) Pakistan Navy Engineering College (PNEC)       621.382 DAM PNECLIB-018694 09/30/2015   Book
          Pakistan Navy Engineering College (PNEC) Pakistan Navy Engineering College (PNEC)       621.382 DAM PNECLIB-019120 10/02/2015   Book
          Pakistan Navy Engineering College (PNEC) Pakistan Navy Engineering College (PNEC)       621.382 DAM PNECLIB-019131 10/02/2015   Book
          Pakistan Navy Engineering College (PNEC) Pakistan Navy Engineering College (PNEC)       621.382 DAM PNECLIB-019122 10/04/2015   Book
          Pakistan Navy Engineering College (PNEC) Pakistan Navy Engineering College (PNEC)       621.382 DAM PNECLIB-019121 10/05/2015   Book
          Pakistan Navy Engineering College (PNEC) Pakistan Navy Engineering College (PNEC)       621.382 DAM PNECLIB-019130 10/05/2015   Book
          Pakistan Navy Engineering College (PNEC) Pakistan Navy Engineering College (PNEC)       621.382 DAM PNECLIB-019125 10/05/2015   Book
          Pakistan Navy Engineering College (PNEC) Pakistan Navy Engineering College (PNEC)       621.382 DAM PNECLIB-019126 10/06/2015   Book
          Pakistan Navy Engineering College (PNEC) Pakistan Navy Engineering College (PNEC)       621.382 DAM PNECLIB-019128 10/06/2015   Book
          Pakistan Navy Engineering College (PNEC) Pakistan Navy Engineering College (PNEC)       621.382 DAM PNECLIB-019129 10/06/2015   Book
          Pakistan Navy Engineering College (PNEC) Pakistan Navy Engineering College (PNEC)       621.382 DAM PNECLIB-019127 10/12/2015   Book
          Pakistan Navy Engineering College (PNEC) Pakistan Navy Engineering College (PNEC)   10/26/2015   621.382 DAM PNECLIB-019123 10/26/2015   Book
© 2023 Central Library, National University of Sciences and Technology. All Rights Reserved.